Gandhi's contribution to political thought (Record no. 398224)

000 -LEADER
fixed length control field 00458cam a22001457a 4500
008 - FIXED-LENGTH DATA ELEMENTS--GENERAL INFORMATION
fixed length control field 180718b1982 xxu||||| |||| 00| 0 eng d
082 ## - DEWEY DECIMAL CLASSIFICATION NUMBER
Classification number A99/G151 N164
100 ## - MAIN ENTRY--PERSONAL NAME
Personal name Narayan, R.S.
245 ## - TITLE STATEMENT
Title Gandhi's contribution to political thought
Statement of responsibility, etc. by R.S. Narayan
260 ## - PUBLICATION, DISTRIBUTION, ETC.
Place of publication, distribution, etc. Mysore
Name of publisher, distributor, etc. Univ. of Mysore
Date of publication, distribution, etc. 1982
300 ## - PHYSICAL DESCRIPTION
Extent 161p.
650 ## - SUBJECT ADDED ENTRY--TOPICAL TERM
Topical term or geographic name entry element Satyagraha
650 ## - SUBJECT ADDED ENTRY--TOPICAL TERM
Topical term or geographic name entry element Gandhi, M.K. - Views on political thought
650 ## - SUBJECT ADDED ENTRY--TOPICAL TERM
Topical term or geographic name entry element Gandhi, M.K. - Criticism and interpretation
Holdings
Withdrawn status Lost status Damaged status Not for loan Permanent Location Current Location Date acquired Full call number Barcode Date last seen Price effective from Koha item type
        Indian Institute of Public Administration Indian Institute of Public Administration 2001-08-03 A99/G151 N164 76856 2018-07-21 2018-07-21 Book

Powered by Koha